Visualizzazione normale
Vista MARC
- Martín Ribas, Ramiro,
di Personal Name
Records bibliografici associati: 1
001 - CONTROL NUMBER
- control field: 45921
003 - CONTROL NUMBER IDENTIFIER
- control field: IT-RoINE
005 - DATE AND TIME OF LATEST TRANSACTION
- control field: 20180313110103.0
008 - FIXED-LENGTH DATA ELEMENTS
- fixed length control field: 180313|| aca||aabn | a|a d
040 ## - CATALOGING SOURCE
- Original cataloging agency: IT-RoINE
- Transcribing agency: IT-RoINE
100 ## - HEADING--PERSONAL NAME
- Personal name: Martín Ribas, Ramiro,
- Dates associated with a name: 1953-
670 ## - SOURCE DATA FOUND
- Source citation: Work cat.: (IT-RoINE)0: Martín Ribas, Ramiro, 1953-, Sublime itinerario :, 2004.